[Event "CZE-chT2D 1516"]
[Site "Czech Republic"]
[Date "2016.01.10"]
[Round "5.8"]
[White "Daniel, Jiri"]
[Black "Cesenek, Vladimir"]
[Result "1-0"]
[WhiteElo "1956"]
[BlackElo "1721"]
[PlyCount "47"]
[EventDate "2015.10.18"]
[EventType "team-tourn"]
[EventRounds "11"]
[EventCountry "CZE"]
[SourceTitle "EXT 2022"]
[Source "ChessBase"]
[SourceDate "2021.10.06"]
[SourceVersion "1"]
[SourceVersionDate "2021.10.06"]
[SourceQuality "1"]
[WhiteTeam "Rychnov nad Kneznou"]
[BlackTeam "Chrudim"]
[WhiteTeamCountry "CZE"]
[BlackTeamCountry "CZE"]

1. e4 e5 2. Nf3 Nc6 3. Bc4 Nf6 4. d4 Nxe4 5. dxe5 Be7 6. Qd5 0-0 7. Qxe4 Nb4 8. Nc3 c6 9. Bd3 Nxd3+ 10. Qxd3 d5 11. exd6 Bxd6 12. 0-0 Qc7 13. Ne4 Be7 14. Ng3 h6 15. Be3 c5 16. c4 b6 17. Rad1 Be6 18. b3 f5 19. Bd2 Rad8 20. Qe2 Bc8 21. Bf4 Bd6 22. Bxd6 Rxd6 23. Rxd6 Qxd6 24. Rd1 1-0